000 00683nam a2200205 a 4500
005 20140412111416.0
008 070813s19uu xx 00 eng d
020 _a0-590-22713-0
050 _aTR(PS E
_bSt2 1996
100 _aSlater, Teddy
245 _aStay in line /
_cTeddy Slater ; illustrated by Gioia Fiammenghi.
260 _aNew York :
_bScholastic,
_c1996.
300 _a1 v.(unpaged)
440 _aHello math reader level 2
520 _aTwelve children on a class trip to the zoo have fun grouping themeselves into line of different sizes.
650 _aZoo
_xFiction
650 _aSchool field trips
_xfiction
650 _aArithmetic
_xfiction
999 _c105828
_d105828